Incollable #44 - Citoyenneté - Statistiques

Statistiques générales
  • Ce quiz a été pris 319 fois
  • Le résultat moyen est 10 sur 13
Statistiques - réponses
Niveaux Questions Réponses % Correct
CE1 Comment appelle-t-on une personne qui prends de l’agent ne lui appartenant pas ? Un voleur
99%
CM1 Qui défend un Homme devant le juge ? Un avocat
98%
CE2 Comment appelle-t-on une personne qui a perdu son travail ? Un chômeur
95%
CE1 Commençant par A: document collé au mur servant à annoncer un événement. Affiche
92%
CP Je vais de droite à gauche sur le pare-brise les jours de pluie. Que suis-je ? L’essuie-glace
92%
CE2 Pour randonner en montagne en toute sécurité, par qui doit-on se faire accompagner ? Un guide
91%
Collège En treize lettres: réunion de personnes dans la rue pour réclamer quelque chose. Manifestation
89%
CM2 Je suis une personne qui allume volontairement des feux de forêt. Que suis-je ? Un pyromane
82%
CM2 Quel animal « futé » donne l’état de la circulation routière ? Le bison
77%
Lycée À partir de quel âge peut-on être juré à une Cour d’Assise ? 23 ans
73%
CM1 En six lettres commençant par R: fait de menacer quelqu’un pour obtenir de l’argent ou des objets ? Racket
62%
Lycée Que signifie le sigle CPAM ? Caisse Primaire d’Assurance Maladie
40%
Collège Comment appelle-t-on une loi préparée par le gouvernement ? Un projet de loi (la proposition de loi est le texte proposé par le Parlement)
31%
Aucun quiz correspondant
Distribution des résultats
% des personnes avec chaque résultat
Percentile par nombre de réponses
Votre historique - résultats
Vous n’avez pas pris ce quiz